000 01263nam a2200349 c 4500
003 BLK
005 20250624094628.0
008 180408b bul|||||r ||||||| ||bul||
010 _aKNG00070267000
020 _a954-585-495-2
_bиздат.: Бард
040 _aBLK
041 _aBUL
_cBUL
080 _aАнглийска литература
_b821.111
_x-312.4
_z821.111-312.4
100 1 _aФорсайт, Фредерик
_eпърви автор
_9242148
700 1 _aБъчваров, Крум Ернстов
_eпрев. от англ.
_9365175
139 _aФорсайт, Фредерик
_bФ 72
245 1 0 _aОтмъстителят
_bРоман
_cФредерик Форсайт; прев. от англ. Крум Ернстов Бъчваров.
257 _aGBR
260 София
_bБард
_c2003
300 _a302 с.
_c20 см
380 _aX
490 1 _aКралете на трилъра
500 _aОриг. загл. A Venger / Frederick Forsyth. - Офс. изд.
653 _aтрилъри
653 _aромани
852 _aЦб 230606
856 4 _qpdf
_u
856 4 _qpdf
_u
942 _cKNG
_n0
_045
944 _aCR
_c27.12.2006
_k30535
_lХристина Везирева
944 _aED
_c13.05.2008
_k
999 _c65982
_d65982